Stereoselektívna syntéza potobanolu

Enregistré dans:
Détails bibliographiques
Auteur principal: Bogdányová, Viktória (Auteur)
Autres auteurs: Jakubec, Pavol (Directeur de thèse)
Format: Manuscrit Livre
Langue:slovaque
Publié: 2024
Sujets:
Accès en ligne:http://is.stuba.sk/zp/portal_zp.pl?podrobnosti=168689
Tags: Ajouter un tag
Pas de tags, Soyez le premier à ajouter un tag!

MARC

LEADER 00000ntm a22000003a 4500
001 stuzp99470
003 SK-STU
005 20240622211014.9
007 ta
008 150427s2015----xo-----f-mn---000-0-slo-d
040 |a STU  |b slo 
041 0 |a slo 
100 1 |a Bogdányová, Viktória  |u 048140  |4 aut  |U FCHPT Ústav organickej chémie, katalýzy a petrochémie  |T FCHPT Oddelenie organickej chémie  |X 115958  |U C8140  |Y 124  |7 115958 
242 0 1 |a Stereoselective synthesis of pothobanol  |y eng 
245 1 0 |a Stereoselektívna syntéza potobanolu 
260 |c 2024 
650 4 |a potobanol  |2 slo 
650 4 |a Henryho reakcia  |2 slo 
650 4 |a fotochemická protodenitrácia  |2 slo 
650 4 |a pothobanol  |2 eng 
650 4 |a Henry reaction  |2 eng 
650 4 |a photochemical protodenitration  |2 eng 
700 1 |a Jakubec, Pavol  |u 048140  |k Z1  |4 ths  |U FCHPT Ústav organickej chémie, katalýzy a petrochémie  |T FCHPT Oddelenie organickej chémie  |X 4023  |U C8140  |Y 124  |7 A000004023 
856 4 |u http://is.stuba.sk/zp/portal_zp.pl?podrobnosti=168689